| 000 | 00592nam a2200217Ii 4500 | ||
|---|---|---|---|
| 003 | JO-AjNU | ||
| 008 | 230606s9999||||xx |||||||||||||| ||und|| | ||
| 020 | _a978-0-451-41300-0 | ||
| 040 |
_aJO-AjNU _beng _erda _cJO-AjNU |
||
| 041 | _aeng | ||
| 050 | 1 | 4 | _aPR6023 2010 |
| 100 | 3 |
_aJILLIAN, HUNTER, _eauthor _92623 |
|
| 245 | 0 | 0 | _a A DoresThe temptation |
| 250 | _a1 ed | ||
| 264 | 3 | 1 | _aUSA: A SIGNET SELECT BOOK |
| 300 | _a342P | ||
| 336 |
_atext _btxt _2rdacontent |
||
| 337 |
_aunmediated _bn _2rdamedia |
||
| 338 |
_avolume _bnc _2rdacarrier |
||
| 650 | 4 |
_a A DoresThe temptation _92624 |
|
| 999 |
_aE1371 _c1371 _d1371 |
||